| 000 | 00537nam a22002057a 4500 | ||
|---|---|---|---|
| 999 |
_c21244 _d21244 |
||
| 003 | OSt | ||
| 005 | 20210528105333.0 | ||
| 008 | 170126b xxu||||| |||| 00| 0 eng d | ||
| 020 | _a0130661880 | ||
| 040 |
_aMMU _beng _cMMU _dMMU |
||
| 050 | _aQA76.5.B3652 2002 | ||
| 100 | _aBeekman George | ||
| 245 |
_aComputer influence/ _cGeorge Beekman |
||
| 250 | _b5th ed. | ||
| 260 |
_aNew Jersey: _bPearson Education, _c2002. |
||
| 300 | _axxix,511 p. : | ||
| 500 | _aincludes index | ||
| 650 | _acomputer | ||
| 942 |
_2lcc _cLOAN LOAN _e5th ed. |
||